Top 150 Animated Movies - Statistics

General Stats
  • This quiz has been taken 624 times
    237 since last reset
  • The average score is 50 of 150
Answer Stats
Answer % Correct
Toy Story
93%
Snow White and the Seven Dwarfs
84%
Shrek
81%
Frozen
78%
Cars
76%
Cinderella
76%
Beauty and the Beast
75%
Sleeping Beauty
74%
The Lion King
74%
The Little Mermaid
74%
Up
74%
Finding Nemo
73%
The Incredibles
72%
Wall-E
71%
Mulan
69%
Tangled
68%
A Bug's Life
67%
Brave
67%
Coco
66%
Monsters, Inc.
66%
The Jungle Book
63%
Dumbo
62%
101 Dalmatians
61%
Inside Out
61%
Moana
61%
Pinocchio
61%
Pocahontas
61%
Ratatouille
61%
The Princess and the Frog
61%
Bambi
59%
Madagascar
58%
Tarzan
57%
Fantasia
56%
Zootopia
55%
Antz
54%
Despicable Me
54%
Ice Age
54%
Peter Pan
54%
Spirited Away
54%
Hercules
53%
Wreck-It Ralph
52%
Lady and the Tramp
51%
The Aristocats
51%
Kung Fu Panda
50%
Lilo and Stitch
49%
Minions
49%
Alice in Wonderland
48%
Soul
47%
The Hunchback of Notre Dame
47%
Bolt
46%
The Fox and the Hound
46%
Robin Hood
45%
Chicken Run
42%
Luca
42%
The Emperor's New Groove
42%
Puss in Boots
41%
The Many Adventures of Winnie the Pooh
41%
The Rescuers
41%
Chicken Little
40%
Atlantis: The Lost Empire
39%
The Sword in the Stone
39%
The Lego Movie
38%
Coraline
34%
Over the Hedge
34%
Treasure Planet
34%
The Prince of Egypt
33%
The Simpsons Movie
33%
Bee Movie
32%
Oliver and Company
32%
Rango
32%
Planes
31%
Sing
31%
The Black Cauldron
31%
The Good Dinosaur
31%
The Great Mouse Detective
31%
The Iron Giant
31%
Home
30%
Meet the Robinsons
30%
Onward
30%
The Croods
30%
The Secret Life of Pets
30%
Flushed Away
29%
Rio
29%
Spider-Man Into the Spider-Verse
29%
Trolls
29%
Dinosaur
27%
Happy Feet
27%
Corpse Bride
26%
Elemental
25%
My Neighbor Totoro
24%
The Boss Baby
24%
Robots
22%
Wish
22%
Fantastic Mr. Fox
21%
Home on the Range
19%
Lightyear
19%
Open Season
19%
Ponyo
19%
The Penguins of Madagascar
19%
The Road to El Dorado
17%
Turbo
17%
All Dogs Go to Heaven
16%
Land Before Time
16%
ParaNorman
16%
James and the Giant Peach
15%
The Adventures of Ichabod and Mr. Toad
15%
Big Hero Six
14%
Scoob!
14%
The Three Caballeros
14%
The Goofy Movie
13%
9
12%
Sausage Party
12%
Epic
11%
The Boxtrolls
11%
An American Tail
10%
Rise of the Guardians
10%
The Book of Life
10%
The Boy and the Heron
10%
Isle of Dogs
9%
The Lego Batman Movie
9%
Fun and Fancy Free
8%
Melody Time
8%
A Christmas Carol
7%
Mr. Peabody and Sherman
7%
Saludos Amigos
7%
Spies in Disguise
6%
Strange Magic
6%
The Addams Family
6%
The Brave Little Toaster
6%
Hoodwinked
5%
Batman: Mask of the Phantasm
4%
The Lego Ninjago Movie
4%
Wallace and Gromit: The Curse of the Were-Rabbit
4%
The Nut Job
3%
Beavis and Butt-head Do America
2%
Porco Rosso
2%
Rock-A-Doodle
2%
Smallfoot
2%
Anastatia
1%
Dr. Seuss' Horton Hears a Who
1%
Dr. Seuss' The Grinch
1%
Dr. Seuss' The Lorax
1%
Missing Link
1%
My Little Pony: The Movie
1%
Shaun the Sheep Movie
1%
Sinbad: Legend of the Seven Seas
1%
South Park: Bigger, Longer and Uncut
1%
The Proud Family Movie
1%
Tim Burton's The Nightmare Before Christmas
1%
Secret World of Arietty
0%
No matching quizzes found
Score Distribution
Percent of People with Each Score
Percentile by Number Answered
Your Score History
You have not taken this quiz since the last reset